[Event "Titled Tue 3rd Jun Early"]
[Site "chess.com INT"]
[Date "2025.06.03"]
[Round "4"]
[White "Malka, Samuel"]
[Black "Maghsoodloo, Parham"]
[Result "0-1"]
[WhiteTitle "FM"]
[BlackTitle "GM"]
[WhiteElo "2228"]
[BlackElo "2706"]
[WhiteFideId "20643675"]
[BlackFideId "12539929"]
[EventDate "2025.06.03"]

1. d4 Nf6 2. c4 e6 3. Nf3 d5 4. cxd5 exd5 5. Nc3 Ne4 6. a3 c6 7. h4 Bf5 8. Bf4
Nd7 9. e3 Bd6 10. Bxd6 Nxd6 11. Ne5 O-O 12. Bd3 Re8 13. Bxf5 Nxf5 14. Nxd7 Qxd7
15. Qg4 Re7 16. O-O-O b5 17. Kb1 Rae8 18. Qf3 a5 19. Ne2 b4 20. a4 Nd6 21. b3
Ne4 22. Kb2 Re6 23. Nf4 Rf6 24. Rc1 Qd6 25. Qe2 c5 26. dxc5 Nxc5 27. Qd2 d4 28.
Qxd4 Qxd4+ 29. exd4 Nxa4+ 30. bxa4 Rxf4 31. Rc2 h5 32. Rd1 Rd8 33. Rc5 Rxf2+ 34.
Kb3 Rxg2 35. Rxh5 Rg3+ 36. Kc4 Rc8+ 37. Rc5 Rb8 38. Rxa5 Rc3+ 39. Kd5 b3 40. Rb5
Rd8+ 41. Ke4 Re8+ 42. Re5 Ra8 43. Rb1 Rxa4 44. Rb5 Rcc4 45. R1xb3 Rxd4+ 46. Kf5
Rf4+ 47. Kg5 Rg4+ 48. Kf5 Rxh4 49. Rg3 Kh7 50. Rb7 Ra5+ 0-1

[Event "Titled Tue 3rd Jun Early"]
[Site "chess.com INT"]
[Date "2025.06.03"]
[Round "4"]
[White "Gales, Randi-Ioan"]
[Black "Burmakin, Evgeniy"]
[Result "1-0"]
[WhiteTitle "CM"]
[BlackTitle "FM"]
[WhiteElo "2290"]
[BlackElo "2110"]
[WhiteFideId "1285360"]
[BlackFideId "4163729"]
[EventDate "2025.06.03"]

1. d4 Nf6 2. c4 g6 3. Nc3 Bg7 4. e4 d6 5. h3 O-O 6. Be3 e5 7. d5 Nbd7 8. Nf3 Nh5
9. g3 f5 10. exf5 gxf5 11. Ng5 Ndf6 12. Be2 f4 13. gxf4 Nxf4 14. Bxf4 exf4 15.
Rg1 Qe7 16. Qc2 h6 17. Nf3 Bxh3 18. O-O-O Rae8 19. Nh4 Rf7 20. Bd3 Qe5 21. Ng6
Qh5 22. Nxf4 Qf3 23. Nxh3 Qxh3 24. Bg6 Rfe7 25. Bxe8 Rxe8 26. Qg6 Re7 27. Rde1
Rxe1+ 28. Rxe1 Qf3 29. Rg1 Qf4+ 30. Kb1 1-0

[Event "Titled Tue 3rd Jun Early"]
[Site "chess.com INT"]
[Date "2025.06.03"]
[Round "4"]
[White "Le, Tuan Minh"]
[Black "Horobetz, Graham"]
[Result "1-0"]
[WhiteTitle "GM"]
[WhiteElo "2598"]
[BlackElo "2250"]
[WhiteFideId "12401153"]
[BlackFideId "2047322"]
[EventDate "2025.06.03"]

1. d4 Nf6 2. Nf3 d5 3. Bf4 c5 4. c3 Nc6 5. e3 Qb6 6. Qc2 cxd4 7. exd4 Bf5 8. Qb3
Qxb3 9. axb3 e6 10. Nbd2 Kd7 11. b4 Bd6 12. Bg3 a6 13. Be2 Ne4 14. Nb3 Nxg3 15.
hxg3 e5 16. dxe5 Nxe5 17. Nxe5+ Bxe5 18. Bf3 Kc6 19. Na5+ Kc7 20. Bxd5 Rae8 21.
O-O b6 22. Nc4 Bc8 23. Bxf7 Re7 24. Bd5 Rhe8 25. Rfd1 Bf6 26. Bf3 Re6 27. Ne3 g6
28. Nd5+ Kb8 29. Bg4 Rd6 30. Bxc8 Kxc8 31. Rxa6 Kb7 32. Raa1 Re2 33. Rab1 Bg5
34. Kf1 Re5 35. c4 b5 36. b3 Bd8 37. Re1 Rxe1+ 38. Rxe1 Kc6 39. Re5 Kd7 40. Ne3 1-0

[Event "Titled Tue 3rd Jun Early"]
[Site "chess.com INT"]
[Date "2025.06.03"]
[Round "4"]
[White "Jimenez Fernandez, Rebeca"]
[Black "Jovic, Stanoje"]
[Result "0-1"]
[WhiteTitle "WFM"]
[BlackTitle "FM"]
[WhiteElo "2163"]
[BlackElo "2096"]
[WhiteFideId "32070934"]
[BlackFideId "905020"]
[EventDate "2025.06.03"]

1. e4 c6 2. d4 d5 3. exd5 cxd5 4. Bd3 Nc6 5. c3 g6 6. Nf3 Nh6 7. O-O f6 8. Re1
Nf7 9. Bf4 Bg7 10. Na3 O-O 11. Qd2 e5 12. dxe5 fxe5 13. Bg5 Nxg5 14. Nxg5 Bh6
15. h4 e4 16. Be2 Rf5 17. Rad1 Bxg5 18. hxg5 Qxg5 19. Nc2 Be6 20. Ne3 Re5 21. c4
d4 22. Nd5 Qxd2 23. Rxd2 d3 24. Bd1 Rd8 25. Nf4 Bxc4 26. b3 Ba6 27. Bg4 Kf7 0-1

[Event "Titled Tue 3rd Jun Early"]
[Site "chess.com INT"]
[Date "2025.06.03"]
[Round "4"]
[White "Zienkiewicz, Jan"]
[Black "Dubnevych, Maksym"]
[Result "0-1"]
[WhiteTitle "FM"]
[BlackTitle "FM"]
[WhiteElo "2362"]
[BlackElo "2292"]
[WhiteFideId "45116768"]
[BlackFideId "14184001"]
[EventDate "2025.06.03"]

1. e4 e5 2. Nf3 Nc6 3. Nc3 Nf6 4. h3 d5 5. exd5 Nxd5 6. Bb5 Nxc3 7. bxc3 Bd6 8.
d4 exd4 9. O-O O-O 10. cxd4 Bf5 11. Rb1 h6 12. Rb3 Qf6 13. Bb2 Na5 14. Re3 a6
15. d5 Qxb2 16. Bd3 Bxd3 17. Qxd3 Rae8 18. Rfe1 Rxe3 19. Rxe3 Qxa2 20. g3 Qc4
21. Qf5 g6 22. Qf6 Qxd5 23. Rd3 Qe6 24. Qh4 Kg7 25. Qd4+ Qf6 26. Qe4 Nc6 27. Rb3
Nd8 28. Kg2 b5 29. Qa8 Ne6 30. Qxa6 Nc5 31. Qxb5 Nxb3 32. Qxb3 Re8 33. Qa4 Re7
34. Qc4 h5 35. h4 Qe6 36. Qc3+ Qf6 37. Qc4 Qf5 38. Qc3+ Kg8 39. Qb3 Qe4 40. Qb8+
Re8 41. Qb2 Bc5 42. Qc3 Bb6 43. Qf6 Qe6 44. Qf4 Qc6 45. Kh2 Qxc2 46. Kh3 Qf5+ 0-1

[Event "Titled Tue 3rd Jun Early"]
[Site "chess.com INT"]
[Date "2025.06.03"]
[Round "4"]
[White "Silva Lucena, Cristian"]
[Black "Gattani, Sarthak"]
[Result "0-1"]
[WhiteTitle "FM"]
[WhiteElo "2257"]
[BlackElo "1869"]
[WhiteFideId "2232588"]
[BlackFideId "30995965"]
[EventDate "2025.06.03"]

1. e4 e5 2. Nf3 Nc6 3. Bc4 Bc5 4. d4 Bxd4 5. Nxd4 Nxd4 6. Be3 Nc6 7. Qg4 Kf8 8.
Qg3 Nf6 9. Nc3 d6 10. f3 Be6 11. Bb3 h6 12. O-O-O Bxb3 13. axb3 Qe7 14. Qf2 Nd8
15. g4 Ne6 16. h4 g6 17. Nd5 Nxd5 18. exd5 Nf4 19. Bxf4 exf4 20. Rhe1 Qf6 21. g5
hxg5 22. hxg5 Qxg5 23. Qd4 Rh2 24. Re4 Re8 25. Rxe8+ Kxe8 26. Qxa7 Qg2 27. Qb8+
Kd7 0-1

[Event "Titled Tue 3rd Jun Early"]
[Site "chess.com INT"]
[Date "2025.06.03"]
[Round "4"]
[White "Kambrath, Yannick"]
[Black "Nikulina, Alena"]
[Result "1-0"]
[WhiteTitle "IM"]
[BlackTitle "WFM"]
[WhiteElo "2389"]
[BlackElo "1875"]
[WhiteFideId "20632525"]
[BlackFideId "4172051"]
[EventDate "2025.06.03"]

1. e4 c5 2. Nf3 e6 3. d4 cxd4 4. Nxd4 Nf6 5. Nc3 Nc6 6. Ndb5 Bb4 7. Bf4 Nxe4 8.
Qf3 d5 9. Nc7+ Kf8 10. Nxa8 Qf6 11. O-O-O Nxc3 12. bxc3 Bxc3 13. Bd6+ Kg8 14.
Qxf6 Bxf6 15. Nc7 a6 16. Na8 Bd8 17. Bc7 Bf6 18. Nb6 Ne7 19. c4 Bg5+ 20. f4 Bf6
21. cxd5 exd5 22. Nxd5 Nxd5 23. Rxd5 Be6 24. Rd2 g6 25. Be5 Kg7 26. Bxf6+ Kxf6
27. Be2 Rc8+ 28. Kb2 b5 29. Rc1 Re8 30. Bf3 Kg7 31. Rd6 Bf5 32. Rxa6 Rd8 33. Rc7
Rd2+ 34. Kb3 Kh6 35. Rxf7 Bd3 36. Kc3 Bc4 37. Kxd2 1-0

[Event "Titled Tue 3rd Jun Early"]
[Site "chess.com INT"]
[Date "2025.06.03"]
[Round "4"]
[White "Gabrielian, Artur"]
[Black "Kislinsky, Alexey"]
[Result "1/2-1/2"]
[WhiteTitle "GM"]
[BlackTitle "GM"]
[WhiteElo "2419"]
[BlackElo "2350"]
[WhiteFideId "4131002"]
[BlackFideId "14108801"]
[EventDate "2025.06.03"]

1. Nf3 d5 2. g3 Nf6 3. Bg2 e6 4. O-O Be7 5. d3 O-O 6. Bf4 b6 7. c4 Bb7 8. Nc3
Nbd7 9. Ne5 Nxe5 10. Bxe5 c5 11. Bxf6 Bxf6 12. cxd5 Bxc3 13. bxc3 Bxd5 14. c4
Bxg2 15. Kxg2 Qc7 16. a4 Qc6+ 17. Kg1 a6 18. Rb1 Rab8 19. Qc2 b5 20. cxb5 axb5
21. axb5 Rxb5 22. Rxb5 Qxb5 23. Rb1 Qa5 24. Rc1 Rc8 25. Qc4 e5 26. Qd5 Qc7 27.
Rb1 Rd8 28. Rb7 Rxd5 29. Rxc7 f5 30. f4 exf4 31. gxf4 Rd4 32. Rxc5 Rxf4 33. Rc7
h6 34. Kg2 Rg4+ 35. Kf3 Rh4 36. Kg2 Rg4+ 37. Kf3 Rh4 38. Kg2 Rg4+ 1/2-1/2

[Event "Titled Tue 3rd Jun Early"]
[Site "chess.com INT"]
[Date "2025.06.03"]
[Round "4"]
[White "Lortkipanidze, Nodar"]
[Black "Otdelnov, Kirill"]
[Result "1-0"]
[WhiteTitle "IM"]
[BlackTitle "FM"]
[WhiteElo "2359"]
[BlackElo "2273"]
[WhiteFideId "13604058"]
[BlackFideId "24280216"]
[EventDate "2025.06.03"]

1. e4 c5 2. c3 Nf6 3. e5 Nd5 4. d4 cxd4 5. Qxd4 e6 6. Nf3 Nc6 7. Qe4 f5 8. exf6
Nxf6 9. Qh4 Be7 10. Bd3 O-O 11. Bg5 h6 12. Bxh6 gxh6 13. Qg3+ Kh8 14. Qg6 Bd6
15. Qxh6+ Kg8 16. h4 Qe7 17. h5 Qg7 18. Qxg7+ Kxg7 19. h6+ Kg8 20. Nbd2 Ne5 21.
Nxe5 Bxe5 22. Nf3 Bf4 23. g3 Bd6 24. Nh4 Nh7 25. O-O-O Bc5 26. f4 d5 27. Ng6 Rf6
28. Ne5 Bd6 29. Rdf1 b6 30. g4 Bxe5 31. fxe5 Rxf1+ 32. Rxf1 Rb8 33. g5 Nf8 34.
g6 Nxg6 35. Bxg6 Ba6 36. Rf6 Rc8 37. Rxe6 d4 38. Kd2 dxc3+ 39. bxc3 Rd8+ 40. Rd6
Rc8 41. e6 Kf8 42. Rd7 Bc4 43. e7+ 1-0

[Event "Titled Tue 3rd Jun Early"]
[Site "chess.com INT"]
[Date "2025.06.03"]
[Round "4"]
[White "Cordoba Roa, Angel Gabriel"]
[Black "Tleukhanov, Yerlan"]
[Result "0-1"]
[WhiteTitle "FM"]
[BlackTitle "FM"]
[WhiteElo "2394"]
[BlackElo "2169"]
[WhiteFideId "3957624"]
[BlackFideId "13749692"]
[EventDate "2025.06.03"]

1. e4 d6 2. d4 Nf6 3. Nc3 e5 4. Nf3 Nbd7 5. Bc4 Be7 6. O-O O-O 7. Re1 c6 8. a4
a5 9. h3 exd4 10. Nxd4 Nc5 11. Qf3 Be6 12. Nxe6 fxe6 13. Ba2 Nfxe4 14. Qxf8+
Qxf8 15. Nxe4 d5 16. Ng5 Qf5 17. Nf3 Qxc2 18. Bb1 Qb3 19. Be3 Qxb2 20. Bd4 Qb4
21. Bc2 Bf6 22. Rad1 Bxd4 23. Rxd4 Qc3 24. Bb1 Re8 25. Rh4 h6 26. Bg6 Rf8 27.
Rg4 Rxf3 28. gxf3 Qxe1+ 0-1

[Event "Titled Tue 3rd Jun Early"]
[Site "chess.com INT"]
[Date "2025.06.03"]
[Round "4"]
[White "Kurchenko, Egor"]
[Black "Sovetbekova, Nurai"]
[Result "0-1"]
[WhiteTitle "FM"]
[BlackTitle "WFM"]
[WhiteElo "2130"]
[BlackElo "2007"]
[WhiteFideId "54157749"]
[BlackFideId "13801910"]
[EventDate "2025.06.03"]

1. e4 c5 2. Na3 Nc6 3. Bb5 Nf6 4. d3 d5 5. e5 Nd7 6. f4 e6 7. Nf3 d4 8. Bxc6
bxc6 9. O-O Be7 10. Nc4 Nb6 11. b3 Nd5 12. Bd2 Ba6 13. Qe1 Qd7 14. Qg3 g6 15.
Rae1 h5 16. Bc1 Bxc4 17. bxc4 Nb4 18. a3 Nxc2 19. Re2 Ne3 20. Bxe3 dxe3 21. Rxe3
Rb8 22. Qf2 O-O 23. Nd2 Rb2 24. Rb1 Rfb8 25. Rxb2 Rxb2 26. Qe1 Qd4 27. g3 Ra2
28. Nf3 Qb2 29. Qf1 Bd8 30. Re1 Ba5 31. Ra1 Rxa1 0-1

[Event "Titled Tue 3rd Jun Early"]
[Site "chess.com INT"]
[Date "2025.06.03"]
[Round "4"]
[White "Nugumanov, Bakhtiyar"]
[Black "Rodriguez Polo, Mateo"]
[Result "0-1"]
[WhiteTitle "IM"]
[BlackTitle "CM"]
[WhiteElo "2305"]
[BlackElo "2219"]
[WhiteFideId "13701797"]
[BlackFideId "24509396"]
[EventDate "2025.06.03"]

1. e4 e5 2. Nf3 Nc6 3. Bb5 a6 4. Ba4 Nf6 5. O-O d6 6. c3 Bd7 7. Bc2 g6 8. Re1
Bg7 9. d4 O-O 10. h3 Re8 11. Nbd2 Qe7 12. Nf1 Rad8 13. Ng3 b5 14. Bg5 h6 15. Be3
Kh7 16. Kh1 Bc8 17. d5 Nb8 18. a4 c6 19. axb5 axb5 20. b3 cxd5 21. exd5 Qf8 22.
Ra5 Bd7 23. Nh4 Rc8 24. Qd2 Red8 25. Rd1 Be8 26. Nf3 Ng8 27. Bb6 Rd7 28. Ba7 Rb7
29. Bxb8 Rbxb8 30. Bd3 f5 31. Rc1 e4 32. Nxe4 fxe4 33. Bxe4 Nf6 34. Bb1 Qe7 0-1

[Event "Titled Tue 3rd Jun Early"]
[Site "chess.com INT"]
[Date "2025.06.03"]
[Round "4"]
[White "Cernov, Henrik"]
[Black "Fiskaaen, Martin Holten"]
[Result "0-1"]
[WhiteTitle "FM"]
[BlackTitle "FM"]
[WhiteElo "2325"]
[BlackElo "2292"]
[WhiteFideId "16258312"]
[BlackFideId "1550233"]
[EventDate "2025.06.03"]

1. e4 c5 2. Nf3 d6 3. d4 cxd4 4. Nxd4 Nf6 5. Nc3 a6 6. Rg1 Nc6 7. g4 h6 8. h4
Nxd4 9. Qxd4 e5 10. Qd1 Be6 11. g5 hxg5 12. hxg5 Nd7 13. Nd5 Be7 14. g6 Nf6 15.
gxf7+ Kxf7 16. Bd3 Bxd5 17. exd5 Qa5+ 18. Kf1 Qxd5 19. Qe2 Rac8 20. b3 Qe6 21.
Bg5 e4 22. Bxf6 Bxf6 23. Bxe4 Bxa1 24. Rg3 Be5 25. Qd3 Rc3 26. Bd5 Rxd3 27. Rxd3
Qxd5 28. Rxd5 Ke6 29. c4 Rh1+ 30. Kg2 Ra1 31. Ra5 g6 32. b4 Bd4 33. b5 axb5 34.
Rxb5 b6 35. Rd5 Bc5 36. Rg5 Rxa2 37. Rxg6+ Kf5 38. Rg8 Rxf2+ 39. Kg3 Rc2 40. Rg4
Rc3+ 0-1

[Event "Titled Tue 3rd Jun Early"]
[Site "chess.com INT"]
[Date "2025.06.03"]
[Round "4"]
[White "Bernat, David"]
[Black "Hovakimyan, Vache"]
[Result "0-1"]
[BlackTitle "FM"]
[WhiteElo "1917"]
[BlackElo "2282"]
[WhiteFideId "2099225"]
[BlackFideId "13317288"]
[EventDate "2025.06.03"]

1. c4 e6 2. e4 d5 3. cxd5 exd5 4. exd5 Nf6 5. Bb5+ Nbd7 6. Nc3 Be7 7. Nf3 O-O 8.
O-O Nb6 9. Re1 Nbxd5 10. h3 c6 11. Bc4 Bf5 12. d4 h6 13. Qb3 Nb6 14. Bxf7+ Rxf7
15. Ne5 Nfd5 16. Nxf7 Kxf7 17. Re5 Bg6 18. Nxd5 cxd5 19. Qf3+ Kg8 20. Qg4 Kh7
21. Bd2 Bf6 22. Ree1 Qd7 23. Qxd7 Nxd7 24. Rac1 Bxd4 25. Rc7 Nb6 26. Be3 Bxb2
27. Rxb7 d4 28. Bf4 Nc4 29. Ree7 d3 0-1

[Event "Titled Tue 3rd Jun Early"]
[Site "chess.com INT"]
[Date "2025.06.03"]
[Round "4"]
[White "Mahdavi, Reza"]
[Black "Aalto, Patrik"]
[Result "1-0"]
[WhiteTitle "IM"]
[BlackTitle "FM"]
[WhiteElo "2445"]
[BlackElo "2313"]
[WhiteFideId "12595926"]
[BlackFideId "510726"]
[EventDate "2025.06.03"]

1. e4 c5 2. Nf3 e6 3. c3 d5 4. e5 d4 5. d3 Nc6 6. g3 Nge7 7. Bg2 Nd5 8. O-O Be7
9. Re1 O-O 10. c4 Nc7 11. Nbd2 Rb8 12. Ne4 b5 13. b3 bxc4 14. bxc4 f5 15. exf6
gxf6 16. Bh6 Rf7 17. h4 e5 18. Nfd2 Rb6 19. Nb3 Ne6 20. Qh5 f5 21. Ng5 Nxg5 22.
hxg5 Nb4 23. Rad1 e4 24. dxe4 f4 25. e5 fxg3 26. fxg3 Bf5 27. Be4 Qd7 28. Bxf5
Qxf5 29. Rf1 Qg6 30. Qg4 Rb8 31. e6 Rxf1+ 32. Rxf1 Nd3 33. Qf3 Ne5 34. Qf4 Bd6
35. e7 Re8 36. Qf8+ Rxf8 37. Rxf8# 1-0

[Event "Titled Tue 3rd Jun Early"]
[Site "chess.com INT"]
[Date "2025.06.03"]
[Round "4"]
[White "Rozman, Levy"]
[Black "Begunov, Konstantin"]
[Result "1-0"]
[WhiteTitle "IM"]
[BlackTitle "FM"]
[WhiteElo "2324"]
[BlackElo "2325"]
[WhiteFideId "2039877"]
[BlackFideId "4118510"]
[EventDate "2025.06.03"]

1. b3 d5 2. Bb2 Bg4 3. f3 Bh5 4. e4 c6 5. Qe2 e6 6. Nh3 Qc7 7. g3 dxe4 8. Qxe4
Bg6 9. Qc4 Nd7 10. Nf4 Nb6 11. Qc3 Nd5 12. Nxd5 exd5 13. Bh3 Nf6 14. Qe3+ Be7
15. Nc3 O-O 16. O-O-O Rfe8 17. Qf2 Qb6 18. d4 Qa5 19. Kb1 Ba3 20. Rhe1 Bxb2 21.
Kxb2 Qb6 22. Na4 Qc7 23. Rxe8+ Rxe8 24. Re1 Kf8 25. Nc5 b6 26. Rxe8+ Kxe8 27.
Na6 Qe7 28. Qd2 Kd8 29. Qf4 Nd7 30. Qc7+ Ke8 31. Qc8+ Qd8 32. Bxd7+ 1-0

[Event "Titled Tue 3rd Jun Early"]
[Site "chess.com INT"]
[Date "2025.06.03"]
[Round "4"]
[White "Vidal Melendez, Ismael David"]
[Black "Gurel, Ediz"]
[Result "0-1"]
[WhiteTitle "FM"]
[BlackTitle "GM"]
[WhiteElo "2294"]
[BlackElo "2636"]
[WhiteFideId "3901718"]
[BlackFideId "44507356"]
[EventDate "2025.06.03"]

1. d4 Nf6 2. c4 b6 3. f3 c5 4. d5 e6 5. e4 d6 6. Nc3 Be7 7. Be3 O-O 8. Nge2 exd5
9. Nxd5 Nc6 10. Nec3 Nxd5 11. cxd5 Ne5 12. Be2 a6 13. a4 f5 14. exf5 Bxf5 15.
O-O Qd7 16. Qd2 h6 17. Ra3 Bf6 18. Rb3 c4 19. Rxb6 Bd8 20. a5 Bxb6 21. axb6 Bd3
22. Ra1 Bxe2 23. Qxe2 Rae8 24. Ne4 Ra8 25. Bd4 Nd3 26. Kh1 Qf7 27. b7 Qxb7 28.
Nxd6 Qxd5 29. Qe4 Qxd6 0-1

[Event "Titled Tue 3rd Jun Early"]
[Site "chess.com INT"]
[Date "2025.06.03"]
[Round "4"]
[White "Silich, Yahor"]
[Black "Mendonca, Leon Luke"]
[Result "0-1"]
[WhiteTitle "FM"]
[BlackTitle "GM"]
[WhiteElo "2216"]
[BlackElo "2630"]
[WhiteFideId "13513656"]
[BlackFideId "35028561"]
[EventDate "2025.06.03"]

1. e4 c6 2. Nf3 d5 3. d3 e6 4. g3 Nf6 5. Nbd2 Be7 6. Bg2 O-O 7. O-O c5 8. Re1
Nc6 9. e5 Nd7 10. Nf1 b5 11. h4 Bb7 12. N1h2 b4 13. h5 h6 14. Ng4 Re8 15. Bf4
Bf8 16. c3 bxc3 17. bxc3 Rb8 18. Qd2 Ba6 19. Bxh6 gxh6 20. Nxh6+ Bxh6 21. Qxh6
Bxd3 22. Rad1 Bc2 23. Rd2 Bb1 24. Rdd1 Bh7 25. Ng5 Nf8 26. c4 Nd4 27. g4 Rb6 28.
cxd5 exd5 29. e6 fxe6 30. Nxh7 Nxh7 31. Qg6+ Kh8 32. Bxd5 Rg8 0-1

[Event "Titled Tue 3rd Jun Early"]
[Site "chess.com INT"]
[Date "2025.06.03"]
[Round "4"]
[White "Bratovic, Blaz"]
[Black "Heymann, Samuel"]
[Result "1-0"]
[WhiteTitle "IM"]
[BlackTitle "CM"]
[WhiteElo "2319"]
[BlackElo "2226"]
[WhiteFideId "14603551"]
[BlackFideId "4645707"]
[EventDate "2025.06.03"]

1. e4 e5 2. Nf3 Nf6 3. Nxe5 d6 4. Nf3 Nxe4 5. Nc3 Nxc3 6. dxc3 Be7 7. Be3 Nd7 8.
Qd2 Nf6 9. O-O-O O-O 10. Bd3 d5 11. h3 Ne4 12. Qe2 Bf5 13. g4 Bg6 14. h4 h6 15.
h5 Bh7 16. Nd4 Re8 17. Rhg1 Bg5 18. f4 Bf6 19. g5 hxg5 20. fxg5 Bxg5 21. h6 gxh6
22. Qh5 Bg6 23. Qf3 Bxe3+ 24. Qxe3 Nc5 25. Qxh6 Nxd3+ 26. Rxd3 Qf6 27. Rdg3 Qg7
28. Rxg6 fxg6 29. Rxg6 Re7 30. Nf5 1-0

[Event "Titled Tue 3rd Jun Early"]
[Site "chess.com INT"]
[Date "2025.06.03"]
[Round "4"]
[White "Rojas Alarcon, Julian Antonio"]
[Black "Sanal, Vahap"]
[Result "0-1"]
[WhiteTitle "FM"]
[BlackTitle "GM"]
[WhiteElo "2365"]
[BlackElo "2555"]
[WhiteFideId "5107407"]
[BlackFideId "6300545"]
[EventDate "2025.06.03"]

1. c4 c6 2. d4 d5 3. Nf3 Nf6 4. e3 Bf5 5. Nc3 e6 6. Bd3 Bg6 7. O-O Nbd7 8. b3
Be7 9. Bb2 O-O 10. Re1 Ne4 11. Bxe4 dxe4 12. Nd2 f5 13. f3 Nf6 14. fxe4 fxe4 15.
Qc2 Bd6 16. h3 Ng4 17. Ncxe4 Qh4 18. Nf3 Bxe4 19. Qxe4 Qf2+ 20. Kh1 Qxe1+ 21.
Rxe1 Nf2+ 22. Kg1 Nxe4 23. a3 a5 24. Kf1 Nd2+ 25. Ke2 Nxf3 26. gxf3 0-1

[Event "Titled Tue 3rd Jun Early"]
[Site "chess.com INT"]
[Date "2025.06.03"]
[Round "4"]
[White "Kourkoulos-Arditis, Stamatis"]
[Black "Vaganian, Rafael A"]
[Result "0-1"]
[WhiteTitle "GM"]
[BlackTitle "GM"]
[WhiteElo "2580"]
[BlackElo "2449"]
[WhiteFideId "4221990"]
[BlackFideId "13300016"]
[EventDate "2025.06.03"]

1. e4 e6 2. d4 d5 3. Bd3 c5 4. exd5 exd5 5. Nf3 c4 6. Be2 Nc6 7. O-O Bd6 8. b3
cxb3 9. axb3 Nge7 10. c4 O-O 11. Nc3 Bg4 12. Be3 a6 13. h3 Bh5 14. Ng5 Bxe2 15.
Qxe2 h6 16. cxd5 Nb4 17. Nge4 Nexd5 18. Nxd5 Nxd5 19. Qh5 Re8 20. Qf5 Rc8 21.
Rac1 Rxc1 22. Rxc1 Nxe3 23. fxe3 Qe7 24. Rc8 Bc7 25. Kf2 Rxc8 26. Qxc8+ Kh7 27.
Qf5+ g6 28. Qf6 Qxf6+ 29. Nxf6+ Kh8 30. d5 Bd8 31. Ne8 Kg8 32. Nd6 b5 33. Nb7
Bb6 34. d6 Kf8 35. d7 Ke7 36. Kf3 Kxd7 0-1

[Event "Titled Tue 3rd Jun Early"]
[Site "chess.com INT"]
[Date "2025.06.03"]
[Round "4"]
[White "Dann, Matthias"]
[Black "Yezhel, Valiantsin"]
[Result "1-0"]
[WhiteTitle "IM"]
[BlackTitle "FM"]
[WhiteElo "2446"]
[BlackElo "2232"]
[WhiteFideId "24638056"]
[BlackFideId "13504983"]
[EventDate "2025.06.03"]

1. e4 c5 2. Nf3 g6 3. d4 cxd4 4. Nxd4 Bg7 5. Nc3 Nc6 6. Be3 Nf6 7. Bc4 O-O 8.
Bb3 a5 9. O-O a4 10. Nxa4 Nxe4 11. Nb5 d5 12. Nb6 Ra5 13. Bxd5 Rxb5 14. Bxe4
Rxb2 15. Rb1 Rxa2 16. Qxd8 Rxd8 17. Nxc8 Rxc8 18. Rxb7 Ra6 19. g3 e6 20. Rd1 Ne5
21. Kg2 f5 22. Bd3 Rac6 23. Bd4 R6c7 24. Rxc7 Rxc7 25. Bxe5 Bxe5 26. Re1 Rc5 27.
f4 Bc3 28. Rxe6 Kf7 29. Rb6 h5 30. h3 Rc7 31. Kf3 Bf6 32. g4 hxg4+ 33. hxg4
fxg4+ 34. Kxg4 Re7 35. Bc4+ Kg7 36. Bd5 Bd4 37. Rd6 Re2 38. c4 Rg2+ 39. Bxg2 1-0

[Event "Titled Tue 3rd Jun Early"]
[Site "chess.com INT"]
[Date "2025.06.03"]
[Round "4"]
[White "Behzad Nazif, Parva"]
[Black "Luong Phuong Hanh"]
[Result "0-1"]
[WhiteTitle "WIM"]
[BlackTitle "WIM"]
[WhiteElo "2090"]
[BlackElo "2144"]
[WhiteFideId "12563790"]
[BlackFideId "12401013"]
[EventDate "2025.06.03"]

1. e4 c5 2. Nf3 e6 3. d4 cxd4 4. Qxd4 a6 5. Nc3 Nc6 6. Qe3 d6 7. Be2 Nf6 8. h3
Be7 9. O-O O-O 10. Rd1 Qc7 11. a3 b5 12. Bf1 Bb7 13. Qe2 Rac8 14. Bf4 Ne5 15.
Nd4 Nc4 16. Ncxb5 axb5 17. Nxb5 Qc5 18. Qxc4 Qxc4 19. Bxc4 Rxc4 20. Bxd6 Bxd6
21. Nxd6 Rc7 22. f3 Ba6 23. c3 Rb8 24. Rd2 g6 25. Rad1 Nh5 26. Kf2 Nf4 27. Ke3
e5 28. h4 Ne6 29. Rc2 Rb3 30. Rd5 Nd4 31. Rd2 f6 32. Ne8 Rc6 33. Kf2 Kf7 34.
Nd6+ Ke6 35. cxd4 Rxd6 36. dxe5 Rxd5 37. exd5+ Kxe5 38. d6 Rb8 39. b4 Bb5 40.
Ke3 Rd8 41. f4+ Ke6 42. Rc2 Rxd6 43. Rc7 Rd3+ 44. Kf2 Rxa3 45. Rxh7 Kf5 46. Rb7
Ra2+ 47. Kf3 Bc6+ 0-1

[Event "Titled Tue 3rd Jun Early"]
[Site "chess.com INT"]
[Date "2025.06.03"]
[Round "4"]
[White "Makaraci, Tunahan"]
[Black "Yang, Daniel"]
[Result "0-1"]
[WhiteTitle "FM"]
[BlackTitle "CM"]
[WhiteElo "2233"]
[BlackElo "2213"]
[WhiteFideId "6356559"]
[BlackFideId "30976340"]
[EventDate "2025.06.03"]

1. e4 e5 2. d4 exd4 3. c3 d5 4. exd5 Nf6 5. cxd4 Nxd5 6. Nc3 Be6 7. Nf3 Be7 8.
Be2 O-O 9. O-O c5 10. Bd2 Nc6 11. dxc5 Bxc5 12. Ne4 Be7 13. h3 Nf6 14. Neg5 Bf5
15. Qa4 h6 16. g4 Bg6 17. Rad1 hxg5 18. Bxg5 Qa5 19. Qf4 Nd5 20. Qc1 Bxg5 21.
Qxg5 Nf6 22. Qh4 Ne5 23. Ng5 Nh7 24. Nxh7 Bxh7 25. f4 Qc5+ 26. Rf2 Nc6 27. f5
Rae8 28. Bf3 Qe7 29. Qg3 Qe5 30. Qg2 Rd8 31. Rdf1 Rd3 32. Bxc6 Rg3 0-1

[Event "Titled Tue 3rd Jun Early"]
[Site "chess.com INT"]
[Date "2025.06.03"]
[Round "4"]
[White "Putnam, Liam"]
[Black "Venkatesh, Narayan"]
[Result "1-0"]
[WhiteTitle "IM"]
[BlackTitle "FM"]
[WhiteElo "2443"]
[BlackElo "2168"]
[WhiteFideId "30938279"]
[BlackFideId "30987881"]
[EventDate "2025.06.03"]

1. d4 Nf6 2. Nc3 d5 3. Bf4 e6 4. Nb5 Na6 5. e3 Be7 6. Nf3 O-O 7. Bd3 Bd7 8. a4
c6 9. Nc3 Nb4 10. Be2 c5 11. dxc5 Bxc5 12. O-O Rc8 13. Ne5 a6 14. Nxd7 Qxd7 15.
a5 Nc6 16. Bg5 Be7 17. Na4 Qc7 18. Nb6 Rcd8 19. Bf4 e5 20. Bg5 d4 21. Bxf6 Bxf6
22. e4 Be7 23. Nd5 Qd6 24. c3 f5 25. Qb3 Kh8 26. Qxb7 fxe4 27. Nxe7 Nxe7 28.
Qxe4 Rb8 29. cxd4 exd4 30. Bxa6 Rxb2 31. Bd3 Ng6 32. a6 Rbb8 33. a7 Ra8 34. Ra6
Qc7 35. Rxg6 hxg6 36. Qh4+ Kg8 37. Bxg6 Rfd8 38. Qh7+ Kf8 39. Qh8+ Ke7 40. Qxg7+
Kd6 41. Qxd4+ Ke7 42. Qg7+ Kd6 43. Rd1+ Kc6 44. Rc1+ 1-0